NBA Top 15 All-Time Scorers: Oceania Edition! - Statistics

General Stats
  • This quiz has been taken 48 times
    13 since last reset
  • The average score is 5 of 15
Answer Stats
# Player Points Country % Correct
2 Steven Adams 6,930 New Zealand
85%
6 Josh Giddey 4,540 Australia
62%
5 Ben Simmons 5,073 Australia
54%
4 Joe Ingles 5,750 Australia
54%
1 Patty Mills 8,004 Australia
54%
3 Andrew Bogut 6,808 Australia
31%
10 Dyson Daniels 2,166 Australia
31%
14 Jock Landale 1,647 Australia
15%
11 Josh Green 2,034 Australia
15%
13 Matisse Thybulle 1,718 Australia
15%
9 Matthew Dellavedova 2,510 Australia
15%
8 Aron Baynes 3,108 Australia / New Zealand
8%
12 Danté Exum 1,991 Australia
8%
7 Luc Longley 4,090 Australia
8%
15 Thon Maker 1,216 Australia
8%
No matching quizzes found
Score Distribution
Percent of People with Each Score
Percentile by Number Answered
Your Score History
You have not taken this quiz since the last reset